[Event "HUN-ch-Women KO 2019"]
[Site "Budapest"]
[Date "2019.12.22"]
[Round "3.6"]
[White "Lazarne Vajda, Szidonia"]
[Black "Gara, Ticia"]
[Result "1/2-1/2"]
[WhiteElo "2333"]
[BlackElo "2339"]
[Annotator "TA"]
[PlyCount "36"]
[EventDate "2019.12.10"]
[EventType "k.o."]
[EventCountry "HUN"]
[SourceTitle "playchess.com"]
[Source "ChessBase"]
[SourceQuality "1"]

{[%evp 17,36,14,20,12,16,14,17,14,12,8,26,0,12,12,12,-34,-11,-17,17,-31,-34]} 1. d4 Nf6 2. Nf3 g6 3. g3 Bg7 4. Bg2 d5 5. c4 c6 6. O-O O-O 7. Nbd2 Bf5 8. b3 Ne4 9. Bb2 Qa5 10. h3 {D78: Fianchetto Grünfeld: 6 0-0 c6} h5 $146 ({Predecessor:} 10... Bh6 11. e3 Nd7 12. g4 Be6 13. Nxe4 dxe4 14. d5 exf3 15. Qxf3 Nc5 16. dxe6 Nxe6 17. a3 Rad8 {½-½ (36) Wang,H (2680)-Areshchenko,A (2673) Calimanesti Caciulata 2016}) 11. Nxe4 Bxe4 12. Ne5 {The position is equal.} Bxg2 13. Kxg2 Rd8 14. Qc2 Nd7 15. Nxd7 Rxd7 16. Bc3 Qd8 17. e3 e6 18. a4 h4 1/2-1/2

[Event "HUN-ch-Women KO 2019"]
[Site "Budapest"]
[Date "2019.12.22"]
[Round "3.7"]
[White "Lazarne Vajda, Szidonia"]
[Black "Gara, Ticia"]
[Result "0-1"]
[WhiteElo "2333"]
[BlackElo "2339"]
[Annotator "ChessBase"]
[PlyCount "46"]
[EventDate "2019.12.10"]
[EventType "k.o."]
[EventCountry "HUN"]
[SourceTitle "playchess.com"]
[Source "ChessBase"]
[SourceQuality "1"]

1. Nf3 Nf6 2. g3 g6 3. Bg2 Bg7 4. O-O O-O 5. d3 d5 6. Nbd2 c5 7. Re1 Nc6 8. e4 dxe4 9. Nxe4 Nxe4 10. Rxe4 Bf5 11. Re1 Qd7 12. Nd2 Bg4 13. f3 Bf5 14. Ne4 b6 15. c3 Rad8 16. Bf1 Ne5 17. Bg5 h6 18. Bf4 Nxd3 19. Bxd3 Qxd3 20. Qxd3 Rxd3 21. Nf2 Rd7 22. Rad1 Rfd8 23. Rxd7 Rxd7 0-1

[Event "HUN-ch-Women KO 2019"]
[Site "Budapest"]
[Date "2019.12.22"]
[Round "3.8"]
[White "Gara, Ticia"]
[Black "Lazarne Vajda, Szidonia"]
[Result "1-0"]
[WhiteElo "2339"]
[BlackElo "2333"]
[Annotator "ChessBase"]
[PlyCount "78"]
[EventDate "2019.12.10"]
[EventType "k.o."]
[EventCountry "HUN"]
[SourceTitle "playchess.com"]
[Source "ChessBase"]
[SourceQuality "1"]

1. Nf3 Nf6 2. g3 g6 3. b3 Bg7 4. Bb2 O-O 5. Bg2 d6 6. d4 c6 7. O-O Bf5 8. c4 Qc8 9. Nc3 Bh3 10. Qd3 Bxg2 11. Kxg2 Nbd7 12. e4 e5 13. d5 Nc5 14. Qe2 a5 15. Rad1 cxd5 16. cxd5 Nh5 17. Nd2 f5 18. f3 Qd8 19. Kh1 Qg5 20. Bc1 f4 21. g4 Nf6 22. Nc4 Ne8 23. Nb5 Ra6 24. Bd2 Qd8 25. Be1 Qd7 26. Nc3 b5 27. Nb2 b4 28. Nca4 Nxa4 29. Nxa4 Ra7 30. Rc1 Rc7 31. Bf2 Nf6 32. Nb6 Qd8 33. Rxc7 Qxc7 34. Nc4 a4 35. Bb6 Qb8 36. bxa4 Nd7 37. Bf2 Rc8 38. a5 Qb5 39. Rc1 Nb8 1-0